Name That Bird Quiz - Statistics

General Stats
  • This quiz has been taken 101 times
  • The average score is 17 of 20
Answer Stats
Picture Answer % Correct
Bald Eagle
99%
Swan
99%
Crow
98%
Chicken
97%
Flamingo
97%
Ostrich
97%
Penguin
97%
Turkey
97%
Owl
96%
Peacock
96%
Duck
93%
Pigeon
92%
Emu
90%
Falcon
83%
Robin
75%
Heron
74%
Vulture
74%
Albatross
69%
Kingfisher
69%
Quail
54%
No matching quizzes found
Score Distribution
Percent of People with Each Score
Percentile by Number Answered
Your Score History
You have not taken this quiz